| 000 | 00601nam a2200193 i 4500 | ||
|---|---|---|---|
| 001 | 88397 | ||
| 003 | ES-MaACL | ||
| 005 | 20230906175843.0 | ||
| 007 | t| | ||
| 008 | 050104s1981 sp ||||1| spa d | ||
| 100 | 1 |
_aLamo de Espinosa, Emilio. _969861 |
|
| 245 | 1 | 3 |
_aLa teorÃa de la cosificación _b: de Marx a la Escuela de Francfort / _cEmilio Lamo de Espinosa. |
| 260 |
_a[Madrid] : _bAlianza, _c[1981] |
||
| 300 |
_a204 p. ; _c20 cm. |
||
| 490 | 1 |
_aAlianza universidad ; _v296 |
|
| 830 | 0 |
_aAlianza universidad ; _v296 _9177276 |
|
| 852 |
_aES-MaACL _jL-1138 _bR.101835 |
||
| 999 |
_c88397 _d88397 |
||